000 00600nam a2200217 a 4500
001 0001-1960
003 ELIB.Books
008 190121 2010 eng
020 _a080662311X
092 _a268.433 Mar
_bMar
100 _aMartinson, Roland D.
245 _aEffective Youth Ministry
_bA Congregational Approach
260 _aMinneapolis
_bAugsbure Publishing House
_c1988
300 _a156
_c20.4 cm
650 _aYouth Ministry
856 _nKBTS Library
_uKBTS Elib
942 _2ddc
_cBK
990 _a2
998 _aEnglishbooks.elf
_ccat
_e2019-01-21
999 _c11960
_d11960